Skoki Narciarskie - Zdobywcy Podium Spoza Top6 (2000-2009) - Statystyki

Ogólne statystyki
  • Ten quiz został rozwiązany 57 razy
  • Średni wynik to 5 z 7
Statystyki odpowiedzi
Podia Kraj Odpowiedź % Poprawnych
70 Polska Adam Małysz
100%
40 Szwajcaria Simon Ammann
96%
20 Czechy Jakub Janda
88%
15 Szwajcaria Andreas Küttel
69%
1 Francja Emmanuel Chedal
62%
1 Włochy Andrea Morassi
54%
8 Rosja Dmitrij Wasiljew
54%
Nie znaleziono quizów pasujących do podanych kryteriów
Rozkład punktacji
Procent ludzi z każdym wynikiem
Percentyl według liczby udzielonych odpowiedzi
Twoja historia wyników
Nie rozwiązałeś tego quizu